000 00546nam a2200181 4500
001 126631
003 ES-MaACL
005 20230906192842.0
007 t|
008 070214s1921 mx r ||||1| spa d
080 _a821.134.2(72)-14"19"
100 1 _aRequena Legarreta, Pedro.
_996303
245 1 0 _aPoesías escogidas del libro en preparación "Poesías líricas" /
_cPedro Requena Legarreta.
260 _aMéxico :
_bCultura,
_c1921.
300 _a136 p., 1 lám. ;
_c17 cm.
500 _aRetrato del autor.
852 _aES-MaACL
_jG-3551
999 _c126631
_d126631